[Event "4th IECC"]
[Site "Istanbul TUR"]
[Date "2003.06.07"]
[Round "8"]
[White "Fridman,D"]
[Black "Godena,M"]
[Result "0-1"]
[WhiteElo "2621"]
[BlackElo "2527"]

1.Nf3 d5 2.g3 Nc6 3.Bg2 e5 4.d3 Nf6 5.O-O Be7 6.c3 O-O 7.Qc2 Bf5 8.Nbd2 e4
9.Nh4 exd3 10.exd3 Be6 11.d4 Qd7 12.f4 Bh3 13.Bxh3 Qxh3 14.f5 Rfe8 15.Ndf3 Bd6
16.Qg2 Qg4 17.Bd2 h6 18.Kh1 Re7 19.Ng1 Qe4 20.Rad1 Rae8 21.Qxe4 Nxe4 22.Bc1 Na5
23.Kg2 Nc4 24.Rd3 b5 25.h3 a5 26.g4 a4 27.Nhf3 c6 28.Re1 Kf8 29.Re2 Nc5 30.Rdd2 Nxd2
31.Rxd2 Ne4 32.Rc2 Bc7 33.Ne2 Nd2 34.Neg1 Nxf3 35.Kxf3 Re1 36.Kf2 Bg3+ 37.Kg2 Bh4
38.Bf4 Bg5 39.Bd6+ Kg8 40.Bh2 Ra1 41.h4 Rc1 42.Rxc1 Bxc1 43.b3 Re3 44.bxa4 bxa4
45.Bd6 Rxc3 46.Ne2 Rc2 47.Kf1 Rxa2 48.Nxc1 Ra1 49.Bf4 a3 50.Ke2 a2 51.Nxa2 Rxa2+  0-1

[Event "Golden Cleopatra"]
[Site "Cairo EGY"]
[Date "2003.06.10"]
[Round "9"]
[White "El Gindy,E"]
[Black "Vysochin,S"]
[Result "1/2-1/2"]
[WhiteElo "2473"]
[BlackElo "2551"]

1.Nf3 d5 2.g3 c6 3.Bg2 Nf6 4.O-O Bf5 5.d3 h6 6.c4 e6 7.cxd5 exd5 8.Nc3 Be7
9.Qb3 Qb6 10.e4 dxe4 11.dxe4 Bh7 12.Qc4 Qa6 13.Qd4 O-O 14.e5 Nd5 15.Nxd5 cxd5
16.Qxd5 Rd8 17.Qb3 Rd3 18.Qc2 Rd8 19.Qb3 Rd3 20.Qc2 Rd8 21.Qb3 Rd3  1/2-1/2

[Event "IEWCC"]
[Site "Istanbul TUR"]
[Date "2003.06.10"]
[Round "7"]
[White "Foisor,C"]
[Black "Stjazhkina,O"]
[Result "1/2-1/2"]
[WhiteElo "2395"]
[BlackElo "2313"]

1.Nf3 d5 2.g3 c6 3.Bg2 Nf6 4.d3 Bf5 5.b3 h6 6.Bb2 e6 7.O-O Be7 8.c4 O-O 9.Na3 Nbd7
10.Nc2 Bh7 11.Qd2 b5 12.Ncd4 Qb6 13.cxb5 cxb5 14.b4 e5 15.Nb3 Bd6 16.a3 Rac8
17.Rac1 Bf5 18.Rxc8 Rxc8 19.Rc1 Rxc1+ 20.Qxc1 Qc7 21.Na5 Qxc1+ 22.Bxc1 Ne8
23.Nc6 a6 24.Nh4 Be6 25.Nd8 Bc7 26.Nxe6 fxe6 27.f4 Bb6+ 28.Kf1 exf4 29.gxf4 Nef6
30.Bh3 Kf7 31.Nf3 Ne8 32.e3 Nd6 33.Ke2 Nf5 34.Ne1 Nf6 35.Nc2 g5 36.fxg5 hxg5
37.Bg2 g4 38.e4 Nd4+ 39.Nxd4 Bxd4 40.exd5 Nxd5 41.h3 Nc3+ 42.Ke1 gxh3 43.Bxh3 Na2
44.Kd1 Nxc1 45.Kxc1 Ke7 46.Bg2 Bb6 47.Bb7 a5 48.Bc6 axb4 49.axb4 Kd6 50.Bxb5 Kc7
51.Kc2 e5  1/2-1/2

[Event "4th IECC"]
[Site "Istanbul TUR"]
[Date "2003.06.10"]
[Round "10"]
[White "Markowski,T"]
[Black "Kulaots,K"]
[Result "0-1"]
[WhiteElo "2587"]
[BlackElo "2514"]

1.g3 d5 2.Nf3 g6 3.c4 c6 4.Qa4 e6 5.Bg2 Bg7 6.O-O Nf6 7.d4 O-O 8.Nc3 Nbd7
9.Qb3 b6 10.Bf4 Bb7 11.Rfd1 Qe7 12.c5 Rfc8 13.e4 dxe4 14.Bd6 Qd8 15.Ne5 Nd5
16.Nxe4 Ba6 17.Rac1 bxc5 18.Nxd7 Qxd7 19.Bxc5 Rcb8 20.Qa3 Bb5 21.Qf3 a5 22.h4 Qd8
23.Bh3 Rb7 24.Re1 Rd7 25.Red1 Nb4 26.Nc3 Rb8 27.a3 Nd5 28.b3 Nxc3 29.Qxc3 a4
30.b4 Qc7 31.Qe3 Rbd8 32.Rd2 Qb7 33.Bg2 Qa6 34.h5 Qa8 35.Bf3 Qb8 36.Rcd1 Re8
37.Re1 Qd8 38.Red1 Qf6 39.d5 cxd5 40.Bd4 e5 41.Rc1  0-1

[Event "FSFMA June"]
[Site "Budapest HUN"]
[Date "2003.06.11"]
[Round "5"]
[White "Szirmai,Ed"]
[Black "Harmatosi,J"]
[Result "0-1"]
[WhiteElo "2148"]
[BlackElo "2209"]

1.Nf3 d5 2.g3 Nf6 3.Bg2 c6 4.b3 Bg4 5.Bb2 Nbd7 6.d3 e6 7.Nbd2 Bb4 8.a3 Ba5
9.O-O O-O 10.c4 Re8 11.b4 Bc7 12.Qc2 e5 13.e4 dxe4 14.dxe4 c5 15.Rfe1 a5
16.b5 Nf8 17.Nf1 Bxf3 18.Bxf3 Ne6 19.Ne3 Nd4 20.Bxd4 cxd4 21.Nd5 b6 22.Be2 Bd6
23.Bd3 Bc5 24.Kg2 Nxd5 25.cxd5 Rc8 26.Rec1 f5 27.Qe2 g6 28.f3 Qg5 29.Rc2 f4
30.g4 h5 31.h3 Kg7 32.Qf2 hxg4 33.hxg4 Rh8 34.Rh1 Rxh1 35.Kxh1 Rh8+ 36.Kg1 Rh3
37.Bf1 Rg3+ 38.Bg2 Qe7 39.Kh2 d3 40.Rxc5 Qxc5 41.Qxc5 bxc5 42.b6 d2 43.b7 d1=Q
44.b8=Q Rxg2+ 45.Kxg2 Qe2+ 46.Kg1 Qe1+ 47.Kg2 Qg3+ 48.Kh1 Qxf3+ 49.Kh2 Qg3+
50.Kh1 Qh3+ 51.Kg1 Qxg4+  0-1

[Event "IEWCC"]
[Site "Istanbul TUR"]
[Date "2003.06.11"]
[Round "8"]
[White "Lauterbach,I"]
[Black "Hlgatian,G"]
[Result "0-1"]
[WhiteElo "2144"]
[BlackElo "2216"]

1.Nf3 d5 2.g3 c6 3.Bg2 Nf6 4.d3 Bf5 5.O-O h6 6.b3 e6 7.Bb2 Be7 8.Nbd2 O-O
9.Ne5 Nbd7 10.Nxd7 Nxd7 11.e4 Bh7 12.Qe2 Bd6 13.e5 Be7 14.f4 Kh8 15.g4 f6
16.Nf3 fxe5 17.Nxe5 Nxe5 18.Bxe5 c5 19.Rf3 b5 20.Rh3 Bf6 21.g5 Bxe5 22.Qxe5 hxg5
23.Qxe6 Rxf4 24.Qxd5 Qxd5 25.Bxd5 Re8 26.Rf1 g6 27.Rxf4 gxf4 28.Bf7 Re5 29.Rf3 g5
30.Bh5 Kg7 31.Rf1 Re3 32.h4 Rg3+ 33.Kh2 Bf5 34.Re1 Rh3+ 35.Kg2 g4 36.Re5 f3+
37.Kg1 Kf6 38.Rxc5 Rxh4 39.Bxg4 Bxg4 40.Rxb5 Rh7 41.Rb4 Kf5 42.Re4 Rc7 43.c4 Bh5
44.Kf1 Rd7 45.Re3 Rg7 46.c5 Kf4 47.Re4+ Kg3 48.d4 Bg4 49.Re3 Bh3+ 50.Ke1 Kf4  0-1

[Event "4th IECC"]
[Site "Istanbul TUR"]
[Date "2003.06.11"]
[Round "11"]
[White "Zueger,B"]
[Black "Karadeniz,E"]
[Result "1/2-1/2"]
[WhiteElo "2448"]
[BlackElo "2308"]

1.Nf3 d5 2.g3 Bg4 3.Bg2 Nd7 4.d4 e6 5.O-O Ngf6 6.Nbd2 Be7 7.Re1 O-O 8.e4 c5
9.e5 Ne8 10.c3 cxd4 11.cxd4 Qb6 12.Nf1 Nc7 13.Ne3 Bh5 14.h4 f5 15.Nc2 Rac8
16.a4 a5 17.Bd2 Na6 18.Bc3 Nb4 19.Na3 f4 20.Nb5 fxg3 21.fxg3 Rf7 22.Kh2 Rcf8
23.Rf1 Qd8 24.Bxb4 axb4 25.Qd3 Bg6  1/2-1/2

[Event "IEWCC"]
[Site "Istanbul TUR"]
[Date "2003.06.12"]
[Round "9"]
[White "Foisor,C"]
[Black "Krivec,J"]
[Result "1-0"]
[WhiteElo "2395"]
[BlackElo "2256"]

1.Nf3 d5 2.g3 g6 3.Bg2 Bg7 4.d4 Nf6 5.O-O O-O 6.c4 dxc4 7.Na3 Nc6 8.Nxc4 Be6
9.Nce5 Bd5 10.Bf4 Nh5 11.Nxc6 Bxc6 12.Be3 f5 13.Qc1 Qd6 14.Bh6 f4 15.Bxg7 Nxg7
16.Rd1 Bd5 17.Qc5 Ne6 18.Qxd6 exd6 19.Rd2 c6 20.a3 g5 21.Bh3 h6 22.Ne1 h5
23.Bxe6+ Bxe6 24.Nd3 h4 25.gxf4 gxf4 26.f3 Rf6 27.Kf2 Kf7 28.Rg1 Rg8 29.Rdd1 Rgg6
30.Rxg6 Kxg6 31.Rg1+ Kh6 32.b4 b6 33.Ke1 b5 34.Kd2 a6 35.Rg2 Rf8 36.Rg1 Rf6
37.Nf2 Rg6 38.Rxg6+ Kxg6 39.Ne4 d5 40.Nc5 Bc8 41.a4 Kg5 42.a5 Kf5 43.Nd3 Bd7
44.e3 fxe3+ 45.Kxe3 Kg5 46.f4+ Kf5 47.Kf3 Bc8 48.Ne5 Bb7 49.h3 Ba8 50.Ng4 Kg6
51.Ke3 Bb7 52.Ne5+ Kf6 53.Nd7+ Kg6 54.Kf3 Kh6 55.Ne5 Kh5 56.Kg2 Kh6 57.Nf7+ Kg6
58.Nd6 Ba8 59.Kf3 c5 60.dxc5 d4+ 61.Ke2 Bg2 62.Kd3 Bxh3 63.Kxd4 Bd7 64.Ke3 h3
65.Kf2 Bc6 66.Kg3 Bg2 67.Kh2 Kh5 68.Nf5 Bf3 69.Nd4 Bg2 70.Kg3 Kg6 71.c6 Kf6
72.c7 Bb7 73.Kxh3 Ke7 74.f5 Kd6 75.Ne6 Bc8 76.Kg4 Ke5 77.Kg5 Bd7 78.Ng7  1-0

[Event "4th IECC"]
[Site "Istanbul TUR"]
[Date "2003.06.12"]
[Round "12"]
[White "De Vreugt,D"]
[Black "Ataman,A"]
[Result "1/2-1/2"]
[WhiteElo "2503"]
[BlackElo "2161"]

1.Nf3 d5 2.g3 Nf6 3.Bg2 g6 4.c4 c6 5.b3 Bg7 6.Bb2 O-O 7.O-O Nbd7 8.d4 Ne4
9.Nfd2 Nxd2 10.Nxd2 Nf6 11.e3 Qb6 12.Qe2 Be6 13.Rfc1 Rad8 14.cxd5 cxd5 15.a4 Rd7
16.Rc3 Qd8 17.Rac1 Qb8 18.Ba3 h5 19.b4 Re8 20.Nb3 b6 21.Qa6 Rb7 22.Nd2 Rc8
23.Nb1 Ne4 24.Bxe4 dxe4 25.Rxc8+ Bxc8 26.Qc4 Bf5 27.b5 h4 28.Nd2 Bh6 29.Kg2 Bg5
30.Qc6 h3+ 31.Kf1 Bd7 32.Qxe4 Rc7 33.Ke2 Rxc1 34.Bxc1 Qc8 35.Ba3 a6 36.Bxe7 Bxe7
37.Qxe7 axb5 38.axb5 Bxb5+ 39.Kd1 Ba4+ 40.Ke2 Bb5+ 41.Kd1 Ba4+ 42.Ke2 Bb5+  1/2-1/2

[Event "4th IECC"]
[Site "Istanbul TUR"]
[Date "2003.06.12"]
[Round "12"]
[White "Markowski,T"]
[Black "Pedersen,NV"]
[Result "1-0"]
[WhiteElo "2587"]
[BlackElo "2508"]

1.g3 d5 2.Nf3 c6 3.Bg2 Bg4 4.O-O Nd7 5.d3 Ngf6 6.c4 e6 7.cxd5 exd5 8.Nc3 Bd6
9.Qc2 O-O 10.e4 Re8 11.h3 Bh5 12.Be3 Bc5 13.Bf4 Nf8 14.Na4 Be7 15.Nc3 Bc5
16.exd5 cxd5 17.Bg5 Be7 18.Nd4 h6 19.Be3 Ne6 20.Rfe1 Rc8 21.Nxe6 fxe6 22.Bd4 Bd6
23.Qb3 b6 24.Nb5 Bb8 25.Be5 Bxe5 26.Rxe5 a6 27.Nd4 Bf7 28.Qa3 Nd7 29.Re2 Qf6
30.Nf3 e5 31.Qxa6 Nc5 32.Qb5 Bh5 33.g4 Bg6 34.Ne1 e4 35.dxe4 dxe4 36.Rd1 Rcd8
37.Rxd8 Rxd8 38.b4 Ne6 39.Qc4 Rd4 40.Qb3 Kh7 41.Qc3 Qd8 42.Nc2 Rd1+ 43.Re1 Rd2
44.Bxe4 Bxe4 45.Rxe4 Rd3 46.Qe5 Rd1+ 47.Kg2 Ng5 48.Re3 Qg8 49.f3 Qd5 50.Qc3 Qxa2
51.Re7 Rd4 52.Qxd4 Qxc2+ 53.Kg3 Qh2+ 54.Kxh2 Nxf3+ 55.Kg3 Nxd4 56.Rb7 b5
57.Kf4 Kg6 58.Ke4 Ne2 59.h4 Kf6 60.Rb6+ Kf7 61.h5  1-0

[Event "IV Open"]
[Site "Lido Estensi ITA"]
[Date "2003.06.12"]
[Round "6"]
[White "Aldrovandi,A"]
[Black "Blagojevic,D"]
[Result "1/2-1/2"]
[WhiteElo "2220"]
[BlackElo "2548"]

1.Nf3 d5 2.g3 g6 3.Bg2 Bg7 4.d4 e6 5.O-O Ne7 6.Nbd2 Nbc6 7.c3 f5 8.Nb3 b6
9.Bf4 Bb7 10.Nc1 h6 11.h4 Nc8 12.Nd3 Nd6 13.Nde5 Nxe5 14.Bxe5 O-O 15.Bxg7 Kxg7
16.Ne5 Nf7 17.Nxf7 Rxf7 18.e3 Ba6 19.Re1 c5 20.Qa4 Bd3 21.dxc5 bxc5 22.Qc6 Qc8
23.Qd6 Rb8 24.b4 Rb6 25.Qe5+ Kh7 26.a3 Qc7 27.Qxc7 Rxc7 28.Bf1 Bxf1 29.Kxf1 Kg7
30.Ke2 Kf6 31.Rec1 Ke5 32.Kd2 Ke4 33.Ke2 a5 34.f3+ Ke5 35.f4+ Kd6 36.Rab1 Rcb7
37.Kd3 axb4 38.axb4 cxb4 39.cxb4 Rxb4 40.Rxb4 Rxb4 41.Rc8 g5 42.Rh8 Rb3+
43.Ke2 g4 44.Kf2 h5 45.Rxh5 Rb2+ 46.Kf1 d4 47.exd4 Kd5 48.Rh8 Ke4 49.Ra8 Rc2
50.d5 Kxd5 51.Kg1 Rb2 52.Kf1  1/2-1/2

[Event "IHEM"]
[Site "Hamburg GER"]
[Date "2003.06.13"]
[Round "7"]
[White "Kroencke,M"]
[Black "Schulz,HJ"]
[Result "1/2-1/2"]
[WhiteElo "2195"]
[BlackElo "2099"]

1.Nf3 d5 2.g3 c5 3.Bg2 Nc6 4.O-O e5 5.d3 Nf6 6.Nbd2 Be7 7.e4 Be6 8.c3 O-O
9.h3 Qc7 10.Ng5 Rad8 11.Nxe6 fxe6 12.Qe2 b5  1/2-1/2

[Event "IHEM"]
[Site "Hamburg GER"]
[Date "2003.06.13"]
[Round "7"]
[White "Gollasch,T"]
[Black "Maahs,E"]
[Result "1-0"]
[WhiteElo "2117"]
[BlackElo "2180"]

1.Nf3 d5 2.g3 Nc6 3.d4 Bg4 4.Bg2 Qd7 5.h3 Bf5 6.g4 Bg6 7.Nh4 O-O-O 8.Nxg6 hxg6
9.Bf4 e6 10.c3 Nf6 11.Nd2 Ne8 12.e4 dxe4 13.Nxe4 Kb8 14.Qa4 Nf6 15.Nxf6 gxf6
16.O-O-O Ne7 17.Qxd7 Rxd7 18.Bg3 Nd5 19.h4 Bh6+ 20.Kc2 Rg8 21.Bf3 Kc8 22.h5 gxh5
23.Rxh5 Bg5 24.Bxd5 Rxd5 25.f4 Bxf4 26.Bxf4 c6 27.c4 Rdd8 28.g5 fxg5 29.Bxg5 Rd7
30.Bf6 Rg6 31.Rh8+ Kc7 32.Be5+ Kb6 33.c5+ Kb5 34.Rh7 Kc4 35.Rd2 b6 36.b3+ Kd5
37.cxb6 axb6 38.Bh2 Rf6 39.Rh5+ Ke4 40.Re5+ Kf3 41.Bg1 Kg3 42.Rg5+ Kf4 43.Rdg2 Rh6
44.Rg7 Rh3 45.a4 b5 46.Rf2+ Rf3 47.Rxf3+ Kxf3 48.axb5 cxb5 49.Kc3 Ke4 50.Kb4 Kd3
51.Kxb5 Rb7+ 52.Kc5 Ke4 53.b4 Rc7+ 54.Kb6 Rc1 55.b5 f5 56.Ka6 Rb1 57.b6 Ra1+
58.Kb5 f4 59.Kc6 Rc1+ 60.Kd6 Rb1 61.b7 Rb6+ 62.Kc7  1-0

[Event "IEWCC"]
[Site "Istanbul TUR"]
[Date "2003.06.13"]
[Round "10"]
[White "Lauterbach,I"]
[Black "Agababean,N"]
[Result "0-1"]
[WhiteElo "2144"]
[BlackElo "2319"]

1.Nf3 d5 2.g3 c6 3.Bg2 Bf5 4.d3 h6 5.Nbd2 Nf6 6.O-O e6 7.b3 Nbd7 8.Bb2 Be7
9.c4 O-O 10.a3 a5 11.Qc2 Bh7 12.Ne5 Nxe5 13.Bxe5 Nd7 14.Bc3 Qb6 15.b4 axb4
16.axb4 Bf6 17.c5 Qc7 18.Bxf6 Nxf6 19.Qb2 Nd7 20.Rxa8 Rxa8 21.Ra1 Qb8 22.Ra3 Bg6
23.d4 Rxa3 24.Qxa3 e5 25.e3 exd4 26.exd4 Nf6 27.Bf1 Qe8 28.Qc3 Qe1 29.h3 Bf5
30.Qe3 Qd1 31.g4 Bc2 32.Kg2 Qc1 33.b5 cxb5 34.Bxb5 Ne4 35.Nf3 Qb2 36.Be2 Qb4
37.Bd3 Bxd3 38.Qxd3 Qb2 39.Qe3 f6 40.Nh4 b6 41.cxb6 Qxb6 42.Nf5 Kf7 43.Ng3 Ng5
44.h4 Ne6 45.Ne2 g5 46.h5 Qb1 47.f3 Qc2 48.Kf1 f5 49.Qe5 fxg4 50.fxg4 Ke7
51.Qxd5 Qxe2+ 52.Kxe2 Nf4+ 53.Ke3 Nxd5+ 54.Ke4 Ke6 55.Kd3 Nf6 56.Kc4 Kd6
57.d5 Nxg4  0-1

[Event "4th IECC"]
[Site "Istanbul TUR"]
[Date "2003.06.13"]
[Round "13"]
[White "Anastasian,A"]
[Black "Avrukh,B"]
[Result "1-0"]
[WhiteElo "2561"]
[BlackElo "2586"]

1.Nf3 d5 2.g3 Bg4 3.Bg2 Nd7 4.c4 e6 5.cxd5 exd5 6.h3 Bxf3 7.Bxf3 c6 8.O-O Ngf6
9.d3 Bc5 10.Nc3 O-O 11.Qc2 Re8 12.Bg2 Rc8 13.a3 Qe7 14.Bd2 Bb6 15.Rae1 Nc5
16.e3 Ne6 17.Ne2 Qd7 18.Kh2 a5 19.f4 Rcd8 20.Ng1 Nc5 21.b4 axb4 22.axb4 Na6
23.Nf3 Qd6 24.Qb1 Nc7 25.Re2 Ne6 26.Rfe1 Re7 27.Nh4 Qd7 28.Qb2 Ne8 29.Nf3 Nd6
30.Qb1 Ne8 31.e4 dxe4 32.dxe4 Qd3  1-0

[Event "IHEM"]
[Site "Hamburg GER"]
[Date "2003.06.14"]
[Round "8"]
[White "Laqua,C"]
[Black "Cording,H"]
[Result "1/2-1/2"]
[WhiteElo "2206"]
[BlackElo "2265"]

1.g3 d5 2.Nf3 c6 3.b3 Bg4 4.Bg2 Nd7 5.Bb2 e6 6.d3 Ngf6 7.Nbd2 Bc5 8.O-O O-O
9.Qb1 a5 10.a3 Re8 11.b4 Bd6 12.c4  1/2-1/2

[Event "It"]
[Site "Leposavic YUG"]
[Date "2003.06.14"]
[Round "1"]
[White "Todorov,O"]
[Black "Radulski,J"]
[Result "1/2-1/2"]
[WhiteElo "2329"]
[BlackElo "2493"]

1.Nf3 d5 2.g3 Nf6 3.Bg2 Nbd7 4.d4 e6 5.O-O Bd6 6.c4 c6 7.Nbd2 O-O 8.Qc2 Re8
9.a3 Qe7 10.Re1 e5  1/2-1/2

[Event "Master Open"]
[Site "Voronezh RUS"]
[Date "2003.06.17"]
[Round "5"]
[White "Terentiev,V"]
[Black "Skrenev,S"]
[Result "1-0"]
[WhiteElo "2387"]
[BlackElo "2107"]

1.Nf3 d5 2.g3 c5 3.Bg2 Nc6 4.d4 cxd4 5.Nxd4 e5 6.Nxc6 bxc6 7.c4 Bb4+ 8.Nc3 Ne7
9.cxd5 Bxc3+ 10.bxc3 cxd5 11.Ba3 Be6 12.O-O Rc8 13.e4 dxe4 14.Qa4+ Qd7 15.Qxe4 f6
16.Rfd1 Qc7 17.Rab1 Bf5 18.Qa4+ Bd7 19.Qa6 Rb8 20.Rxb8+ Qxb8 21.Bxe7 Kxe7
22.Qa3+ Ke8 23.h4 Be6 24.Be4 Kf7 25.Rb1  1-0

[Event "Master Open"]
[Site "Voronezh RUS"]
[Date "2003.06.18"]
[Round "6"]
[White "Obukhov,A"]
[Black "Maiorov,B"]
[Result "0-1"]
[WhiteElo "2476"]
[BlackElo "2288"]

1.Nf3 d5 2.g3 Bg4 3.Bg2 Nd7 4.c4 e6 5.cxd5 exd5 6.O-O Ngf6 7.d3 Bd6 8.h3 Bxf3
9.Bxf3 O-O 10.Nc3 c6 11.e4 dxe4 12.dxe4 Be5 13.Be3 Re8 14.Qc2 Qa5 15.Rab1 Bxc3
16.bxc3 b5 17.Bd4 Rad8 18.Bg2 Ne5 19.Rbd1 Nc4 20.Rfe1 Nd7 21.f4 f6 22.Bf1 Ndb6
23.Bd3 Kh8 24.e5 fxe5 25.fxe5 c5 26.Bxc5 Nxe5 27.Be4 Na4 28.Bd4 Qc7 29.Kg2 h6
30.Qc1 Nc5 31.Qf4 Nxe4 32.Rxe4 Qc6 33.Kg1 Nf3+ 34.Qxf3 Rxe4 35.Qf7 Rg8 36.Qxa7 Re2
37.Bf2 Rf8 38.Rf1 Rf3 39.Kh2 Kh7 40.Qd4 Qxc3  0-1

[Event "Master Open"]
[Site "Voronezh RUS"]
[Date "2003.06.20"]
[Round "8"]
[White "Obukhov,A"]
[Black "Krivoborodov,E"]
[Result "1-0"]
[WhiteElo "2476"]
[BlackElo "2325"]

1.Nf3 d5 2.g3 c6 3.Bg2 Bg4 4.c4 e6 5.O-O Nd7 6.cxd5 cxd5 7.Nc3 Ngf6 8.d3 Bxf3
9.Bxf3 Be7 10.e4 d4 11.Ne2 e5 12.Bg2 O-O 13.Bh3 Rc8 14.f4 Bd6 15.Kh1 Rc6
16.Ng1 Qe7 17.Nf3 Rd8 18.Nh4 Nf8 19.Nf5 Qc7 20.Bd2 Ng6 21.Qa4 Ra6 22.Qb3 Ne7
23.Rac1 Rc6 24.Nxd6 Qxd6 25.Qxb7 Rb6 26.Qc7 Qxc7 27.Rxc7 Ng6 28.b3 Ra6 29.a4 Ne8
30.Rc5 f6 31.a5 Rad6 32.b4 Rb8 33.b5 Rdd8 34.Be6+ Kh8 35.fxe5 fxe5 36.Bg5 Rd6
37.Bf5 Nf6 38.Rfc1 Re8 39.Rc8 Rdd8 40.b6 axb6 41.axb6  1-0

[Event "TCh-BIH"]
[Site "Jahorina BIH"]
[Date "2003.06.21"]
[Round "1"]
[White "Dizdarevic,E"]
[Black "Fercec,N"]
[Result "1/2-1/2"]
[WhiteElo "2491"]
[BlackElo "2442"]

1.Nf3 d5 2.g3 c5 3.Bg2 Nc6 4.d4 e6 5.O-O Qb6 6.dxc5 Bxc5 7.Nc3 Bb4 8.Be3 Qd8
9.Nb5 Nf6 10.c4 O-O 11.a3 Be7 12.Rc1 Bd7 13.Nbd4 dxc4 14.Rxc4 Nd5 15.Nxc6 Bxc6
16.Bd4 Nb6 17.Rc1 Bf6 18.Bxf6 Qxf6 19.Qd4 Qxd4 20.Nxd4 Bxg2 21.Kxg2 Rfd8
22.e3 Rac8 23.b3 Kf8 24.f4 Rxc1 25.Rxc1 Rc8 26.Rxc8+ Nxc8 27.e4 Ke7 28.g4 Kd6
29.Kf3 Ne7 30.e5+ Kd5 31.Nb5 g5 32.Nxa7 gxf4 33.Kxf4 Ng6+ 34.Ke3 Nxe5 35.h3 Kc5  1/2-1/2

[Event "TCh-BIH"]
[Site "Jahorina BIH"]
[Date "2003.06.22"]
[Round "2"]
[White "Dizdarevic,E"]
[Black "Glavas,D"]
[Result "1/2-1/2"]
[WhiteElo "2491"]
[BlackElo "2221"]

1.Nf3 d5 2.g3 c6 3.Bg2 Bg4 4.h3 Bh5 5.d3 e6 6.O-O Nd7 7.Qe1 Qb6 8.e4 Bd6
9.Be3 Bc5 10.d4 Be7 11.Nbd2 Qxb2 12.exd5 cxd5 13.c4 Ngf6 14.Rb1 Qxa2 15.Ne5 Qa6
16.g4 Bg6 17.Nxg6 hxg6 18.g5 Ne4 19.cxd5 Nxg5 20.Bxg5 Bxg5 21.dxe6 Qxe6 22.Ne4 Bf4
23.d5 Qe7 24.Rxb7 O-O 25.Qa5 Qd8 26.Ra1 Nf6 27.Qxd8 Rfxd8 28.Nxf6+ gxf6 29.Raxa7  1/2-1/2

[Event "TCh-BIH"]
[Site "Jahorina BIH"]
[Date "2003.06.22"]
[Round "2"]
[White "Vukic,M"]
[Black "Jakovljevic,Vlado"]
[Result "1-0"]
[WhiteElo "2491"]
[BlackElo "2375"]

1.Nf3 d5 2.g3 g6 3.c4 dxc4 4.Qa4+ Nc6 5.Bg2 Bg7 6.Qxc4 e5 7.Nc3 Nge7 8.d3 O-O
9.Bg5 Be6 10.Bxe7 Qxe7 11.Qa4 Nd4 12.Nd2 c6 13.O-O a6 14.Rfc1 Rad8 15.Qd1 f5
16.Na4 Bd5 17.Nc5 Bxg2 18.Kxg2 Rf7 19.Rab1 Bh6 20.Rc4 Ne6 21.Ndb3 e4 22.Qc2 Nxc5
23.Nxc5 exd3 24.Nxd3 Qe6 25.Rd1 Rd5 26.b3 Qd6 27.Rc5 Rd7 28.Rxd5 Qxd5+ 29.f3 Re7
30.Nf2 Qe6 31.Rd8+ Re8 32.Rxe8+ Qxe8 33.e4 fxe4 34.Nxe4 Qe7 35.a4 Bf8 36.Qc4+ Kh8
37.h4 h6 38.Kf1 Kg7 39.Qd4+ Kg8 40.Ke2 Qe6 41.Qb6 Qe7 42.Kd3 Kf7 43.Qd4 Qe6
44.Kc2 c5 45.Qc4 Be7 46.Kd3 Bf8 47.a5 Be7 48.Qxe6+ Kxe6 49.Kc4 Bd8 50.Nxc5+ Kf5
51.Nxb7 Bc7 52.g4+ Kf4 53.b4 Kxf3 54.Nc5 Kxg4 55.Nxa6 Bf4 56.Nc5 Kxh4 57.a6 Bb8
58.Nd7 Ba7 59.b5  1-0

[Event "zt 3.2a"]
[Site "Ho Chi Minh City VIE"]
[Date "2003.06.23"]
[Round "4"]
[White "Dinh Duc Trong"]
[Black "Pham Chuong"]
[Result "0-1"]
[WhiteElo "2380"]
[BlackElo "2225"]

1.Nf3 d5 2.g3 Nf6 3.Bg2 e6 4.O-O Be7 5.b3 c5 6.Bb2 Nc6 7.d4 O-O 8.e3 b6 9.Nbd2 Bb7
10.a3 Rc8 11.dxc5 Bxc5 12.b4 Be7 13.Qe2 Qc7 14.Rfc1 Rfd8 15.c4 dxc4 16.Nxc4 Ba6
17.Bf1 Qb7 18.Ne1 Rd7 19.Qf3 Rd5 20.Nd3 Rcd8 21.Nf4 R5d7 22.Nxb6 Qxb6 23.Bxa6 Qxa6
24.Rxc6 Qb5 25.Rac1 e5 26.Qe2 Qb8 27.Nh5 Ne8 28.Qg4 g6 29.f4 Rd2 30.Bc3 Ra2
31.fxe5 Qb5 32.Bd4 Qd3 33.Nf6+ Bxf6 34.exf6 h5 35.Qd1 Rxd4 36.Qxd3 Rxd3 37.e4 Re3
38.R1c4 Re1+  0-1

[Event "TCh-BIH"]
[Site "Jahorina BIH"]
[Date "2003.06.23"]
[Round "4"]
[White "Kozul,Z"]
[Black "Savanovic,A"]
[Result "1/2-1/2"]
[WhiteElo "2601"]
[BlackElo "2386"]

1.Nf3 d5 2.g3 Nf6 3.Bg2 e6 4.O-O c5 5.d3 Nc6 6.Nbd2 Be7 7.e4 O-O 8.Re1 b5
9.e5 Nd7 10.Nf1 a5 11.h4 b4 12.N1h2 Ba6 13.Bf4 a4 14.Bh3 Bb5 15.Rc1 c4 16.d4 c3
17.b3 Qe8 18.Kg2 Bd8 19.h5 Bb6 20.h6 g6 21.Be3 axb3 22.axb3 Ra2 23.Ng5 Qe7
24.Qg4 Nxd4 25.Bxd4 Bxd4 26.Qxd4 Qxg5 27.Qxb4 Rb8 28.Qxc3 Qxh6 29.Nf3 Qf8
30.Nd4 Qc5 31.Qxc5 Nxc5 32.Ra1 Rxa1 33.Rxa1 Be8 34.f4 Rb4 35.c3 Rb8 36.b4 Ne4
37.Ra3 Bb5 38.Bg4 Bd3 39.Bf3 Nd2 40.Be2 Nc4 41.Ra7 Bxe2 42.Nxe2 h5 43.Nd4 Ne3+
44.Kf3 Nd1 45.Rc7 Ra8 46.Ke2 Nb2 47.Nb5 Ra1 48.Nd6 Rg1 49.Kf3 Rb1 50.Nxf7 Nd1
51.Kg2 Nxc3 52.Ng5 Ne4 53.Rc8+ Kg7 54.Nxe6+ Kf7 55.Nc5 Rb2+ 56.Kh3 Nd2 57.Rc7+ Ke8
58.e6 Nf3 59.g4 h4 60.g5 Rxb4 61.Rg7 Rxf4 62.Rxg6 Rc4 63.Rg8+ Ke7 64.Rg7+ Kf8
65.Rf7+ Kg8 66.Rxf3 Rxc5 67.Kxh4 Rc4+ 68.Kh5 Re4 69.Rf6 d4 70.e7 Rxe7 71.Rd6 Re8
72.Rxd4 Re6 73.g6 Ra6  1/2-1/2

[Event "TCh-BIH"]
[Site "Jahorina BIH"]
[Date "2003.06.23"]
[Round "4"]
[White "Dizdarevic,E"]
[Black "Gavric,M"]
[Result "1/2-1/2"]
[WhiteElo "2491"]
[BlackElo "2399"]

1.Nf3 d5 2.g3 Nf6 3.Bg2 e6 4.O-O Be7 5.c4 O-O 6.Qc2 c5 7.d4 cxd4 8.Nxd4 Nc6
9.Nxc6 bxc6 10.b3 a5 11.Nc3 Ba6 12.Rd1 Qc8 13.Na4 Nd7 14.Rb1 Rb8 15.Bf4 e5
16.Bd2 dxc4 17.Bxa5 cxb3 18.axb3 Nf6 19.Nb6 Qe6 20.b4 Bb5 21.Na4 e4 22.Nc3 e3
23.f4 Bc4 24.Rd4 c5 25.bxc5  1/2-1/2

[Event "2nd It"]
[Site "Grenoble FRA"]
[Date "2003.06.26"]
[Round "8"]
[White "Foisor,C"]
[Black "Delabaca,R"]
[Result "1-0"]
[WhiteElo "2395"]
[BlackElo "2166"]

1.Nf3 d5 2.g3 Nf6 3.Bg2 e6 4.O-O Be7 5.d4 O-O 6.c4 dxc4 7.Qc2 a6 8.a4 Bd7
9.Qxc4 Bc6 10.Bg5 Bd5 11.Qd3 c5 12.dxc5 Bxc5 13.Nc3 Bc6 14.Qc2 Nbd7 15.e4 h6
16.Bxf6 Qxf6 17.Rfc1 Rac8 18.Qe2 Ne5 19.Nxe5 Qxe5 20.Rc2 Be7 21.h4 Rfd8 22.Kh2 Qd4
23.f4 Qd3 24.Nd5 Qxe2 25.Nxe7+ Kf8 26.Ng6+ fxg6 27.Rxe2 Rd4 28.e5 Bxg2 29.Kxg2 Rcc4
30.a5 Rc5 31.Kf3 Rdd5 32.b4 Rc4 33.Rb1 Ke7 34.Rb3 Kd7 35.Re4 Rc2 36.Ree3 Rdd2
37.Kg4 Rd5 38.Red3 Rxd3 39.Rxd3+ Ke7 40.Rb3 Kf7 41.b5 axb5 42.Rxb5 Rc7 43.h5 Re7
44.Rb6 gxh5+ 45.Kxh5 Rc7 46.g4 Re7 47.Rd6 Rc7 48.Rb6 Re7 49.Rb4 Rc7 50.Rb5 Rd7
51.Rc5 Re7 52.Rc4 Rd7 53.Rc8 Re7 54.Ra8 Rc7 55.Ra7 Re7 56.g5 hxg5 57.Kxg5 Ke8
58.Kg6 Kd8 59.Ra8+ Kc7 60.Rg8 Kc6 61.Rxg7  1-0

[Event "IM"]
[Site "Elancourt FRA"]
[Date "2003.06.27"]
[Round "7"]
[White "Velikov,P"]
[Black "Kirszenberg,M"]
[Result "1-0"]
[WhiteElo "2435"]
[BlackElo "2202"]

1.Nf3 d5 2.g3 Nf6 3.Bg2 Bf5 4.c4 c6 5.cxd5 cxd5 6.Qb3 Qb6 7.Qxb6 axb6 8.Nc3 Nc6
9.Nb5 Rc8 10.d3 e5 11.O-O Be7 12.Bg5 O-O 13.Rac1 h6 14.Bxf6 gxf6 15.a3 Rfd8
16.Nd2 Be6 17.b4 f5 18.f4 e4 19.d4 Bf6 20.e3 Kg7 21.Nb1 Be7 22.N1c3 Ra8 23.Rf2 Rdc8
24.Bf1 Na7 25.Rfc2 Nxb5 26.Nxb5 Rxc2 27.Rxc2 Rc8 28.Rxc8 Bxc8 29.Be2 Bd7
30.Nc3 Bc6 31.Kf2 Kf6 32.b5 Bxa3 33.bxc6 bxc6 34.Ba6 Ke6 35.Bc8+ Kd6 36.Bxf5 b5
37.Ke2 b4 38.Nb1 Bb2 39.Nd2  1-0

[Event "TCh-BIH"]
[Site "Jahorina BIH"]
[Date "2003.06.27"]
[Round "9"]
[White "Vukic,M"]
[Black "Glavas,D"]
[Result "1/2-1/2"]
[WhiteElo "2491"]
[BlackElo "2221"]

1.Nf3 d5 2.g3 c6 3.Bg2 Bf5 4.b3 Nf6 5.Bb2 Nbd7 6.O-O e6 7.d3 h6 8.Nbd2 Be7
9.e4 dxe4 10.dxe4 Bh7 11.Qe2 O-O  1/2-1/2

[Event "TCh-BIH"]
[Site "Jahorina BIH"]
[Date "2003.06.27"]
[Round "9"]
[White "Kosic,D"]
[Black "Drasko,M"]
[Result "1/2-1/2"]
[WhiteElo "2502"]
[BlackElo "2491"]

1.Nf3 d5 2.g3 c6 3.Bg2 Bg4 4.O-O Nd7 5.d3 Ngf6 6.Nbd2 e5 7.h3 Bh5 8.e4 dxe4
9.dxe4 Bc5 10.Qe2 O-O 11.Nb3 Bb6  1/2-1/2

[Event "White Nights"]
[Site "St Petersburg RUS"]
[Date "2003.06.29"]
[Round "1"]
[White "Karasev,V"]
[Black "Nechepurenko,R"]
[Result "1/2-1/2"]
[WhiteElo "2429"]
[BlackElo "2350"]

1.Nf3 d5 2.g3 c6 3.Bg2 Bg4 4.h3 Bxf3 5.Bxf3 e5 6.d3 Nf6 7.Bg2 Bd6 8.O-O O-O
9.e4 dxe4 10.dxe4 Qe7 11.Nd2 Rd8 12.Qe2 Qe6 13.Qc4 Qe7 14.a4 Na6 15.c3 Nc5
16.a5 b5 17.axb6 axb6 18.Rxa8 Rxa8 19.Rd1 b5 20.Qe2 Qc7 21.Nf1 Be7 22.Ne3 Nb3
23.Nf5 Nxc1 24.Rxc1 g6 25.Ne3 Kg7 26.h4 Ra4 27.Bf3 Qa7 28.b4 Bd8 29.Qd2 Be7
30.h5 Ra2 31.Rc2 Rxc2 32.Qxc2 c5 33.bxc5 Bxc5 34.Nd5 Nxd5 35.exd5 f5 36.hxg6 hxg6
37.Qb2 e4 38.Bd1 Kh7 39.Kg2 Qb7 40.Qd2 Qb6 41.Qg5 Kg7 42.Be2 b4 43.cxb4 Qxb4
44.d6 Qd4 45.Qe7+ Kh6 46.Qf8+ Kh7 47.Qf7+ Kh6 48.Qf8+ Kh7 49.Qe7+ Kh6  1/2-1/2